Biblioteca

Las cartas de Pérgamo / Bruce W. Longenecker (Registro nro. 44988)

Detalles MARC
000 -LÍDER
Campo fijo de descripción fija 012020000a22002290004500
020 ## - NÚMERO INTERNACIONAL NORMALIZADO PARA LIBROS
Número Internacional Normalizado del libro 84-301-1536-6
082 04 - NÚMERO DE CLASIFICACIÓN DECIMAL DEWEY
Número de clasificación G 270.1 L852c
001 - NÚMERO DE CONTROL
Campo de control 18570
100 1# - ASIENTO PRINCIPAL--NOMBRE PERSONAL
Nombre personal Longenecker, Bruce W.
245 10 - TÍTULO
Título del Material Las cartas de Pérgamo / Bruce W. Longenecker
260 ## - PUBLICACIÓN, DISTRIBUCIÓN, ETC. (PIE DE IMPRENTA)
Lugar de publicación, distribución, etc. Salamanca, España : Sígueme
300 ## - DESCRIPCIÓN FÍSICA
Extensión 206 páginas
336 ## - CONTENT TYPE
Content type term texto
Content type code txt
Source rdacontent
337 ## - MEDIA TYPE
Source rdamedia
Media type term sin mediación
Media type code n
338 ## - CARRIER TYPE
Source rdacarrier
Carrier type term volumen
Carrier type code nc
500 ## - NOTA GENERAL
Nota General Título original en inglés: The Lost Letters of Pergamum
501 ## - NOTA DE “CON”
Nota de Contenido Rústico
505 00 - NOTA DE CONTENIDO
Nota de contenido con formato preestablecido Colección de cartas: de un noble a otro noble -- Un favor personal -- Para honrar al emperador -- Proclaman otro señor -- Sobre la fama de tres hombres -- Jesús parece un personaje interesante -- Las ingenuas e irresponsables ideas de Jesús -- Los contextos determinan los contenidos -- Una completa transformación del modo de vida -- Un instrumento de bendición a favor de muchos -- Los dioses tenían otros planes -- Hágase su voluntad -- Posesiones de nuestro común creador
650 14 - ASIENTO SECUNDARIO DE MATERIA - TERMINO TEMÁTICO
Término temático o nombre geográfico como elemento de entrada IGLESIA PRIMITIVA - HISTORIA \ BIBLIA N.T. \ HISTORIA DE EVENTOS BIBLICOS
942 ## - TIPO DE MATERIAL (KOHA)
Tipo de Item KOHA Libros General
Existencias
Estado de Material Estado de Perdido Estado de Dañado No para Préstamo Colección Tomo Biblioteca de Origen Biblioteca Permanente Fecha de Adquisición Total de Préstamos Signatura Topográfica Código de Barras Última vez visto Ejemplar/Existencia Fecha de Remplazo Tipo de Material
        Colección General   Biblioteca FUSBC Biblioteca FUSBC 28/08/2014   G 270.1 L852c 18539 12/12/2019 1 26/01/2016 Libros General

Biblioteca FUSBC | Teléfono: (57+4) 349 88 10 Ext. 141| WhatsApp (+57) 3005338115 
E-mail: biblioteca@unisbc.edu.co | Calle 76 87-14 Robledo Palenque, Medellín, Colombia

Con tecnología Koha